Upāsamāra kī niyojana. (Record no. 82483)
[ view plain ]
| 000 -LEADER | |
|---|---|
| fixed length control field | 00733nam a2200241 a 4500 |
| 001 - CONTROL NUMBER | |
| control field | sa 68008656 |
| 003 - CONTROL NUMBER IDENTIFIER | |
| control field | DLC |
| 005 - DATE AND TIME OF LATEST TRANSACTION | |
| control field | 20260227112534.0 |
| 008 - FIXED-LENGTH DATA ELEMENTS--GENERAL INFORMATION | |
| fixed length control field | 980206s1939 ii af 000 0 mar |
| 010 ## - LIBRARY OF CONGRESS CONTROL NUMBER | |
| LC control number | sa 68008656 |
| 040 ## - CATALOGING SOURCE | |
| Original cataloging agency | DLC |
| Transcribing agency | DLC |
| 043 ## - GEOGRAPHIC AREA CODE | |
| Geographic area code | a-ii--- |
| 050 00 - LIBRARY OF CONGRESS CALL NUMBER | |
| Classification number | HB3639 |
| Item number | .H38 |
| 100 10 - MAIN ENTRY--PERSONAL NAME | |
| Personal name | Haté, Chandrakala A. |
| Fuller form of name | (Anandrao) |
| 245 10 - TITLE STATEMENT | |
| Title | Upāsamāra kī niyojana. |
| 260 1# - PUBLICATION, DISTRIBUTION, ETC. | |
| Place of publication, distribution, etc. | Nāgapūra : |
| Name of publisher, distributor, etc. | Suvicāra Prakāśana Maṇḍaḷa, |
| Date of publication, distribution, etc. | 1939. |
| 300 ## - PHYSICAL DESCRIPTION | |
| Extent | 191 p., 2 fold. leaves of plates : |
| Other physical details | ill. ; |
| Dimensions | 19 cm. |
| 440 #0 - SERIES STATEMENT/ADDED ENTRY--TITLE | |
| Title | Navabhārata granthamālā ; |
| Volume/sequential designation | 14 |
| 546 ## - LANGUAGE NOTE | |
| Language note | In Marathi. |
| 504 ## - BIBLIOGRAPHY, ETC. NOTE | |
| Bibliography, etc. note | Includes bibliographical references (p. 183-185). |
| 651 #0 - SUBJECT ADDED ENTRY--GEOGRAPHIC NAME | |
| Geographic name | India |
| General subdivision | Population. |
| 650 #0 - SUBJECT ADDED ENTRY--TOPICAL TERM | |
| Topical term or geographic name entry element | Food supply |
| Geographic subdivision | India. |
No items available.